000 00753cab a2200229 4500
001 A67
008 090401t1990 xxu||||| |||| 00| 0 eng d
035 _a(Sirsi) u32088
041 _aeng
100 _aKennie, Tom
245 _aRecruiting the professionals of the future
260 _c1990
350 _a0
490 _aLand & Minerals Surveying
_v8(8) August 1990, 378-382(5)
520 _aAn abbreviated version of a paper presented to the Land Surveyors Divisional Council meeting 7 June 1990. Includes tables showing membership statistics for Land Surveyors division of RICS.
650 _aABOUT RICS-RICS MEMBERS
650 _aLAND SURVEYORS
650 _aRECRUITMENT
690 _aLAND SURVEYING
942 _n0
948 _c04/03/1997
999 _c21535
_d21535